30 meistgefolgte Twitch-Streamer in Deutschland - Statistiken

Allgemein
  • Dieses Quiz wurde 806 mal gespielt
  • Das Durchschnittsergebnis liegt bei 13 aus 31
Antwortstatistiken
Follower Kanal % Korrekt
5.310.000 MontanaBlack88
91%
2.330.000 Papaplatte
88%
1.830.000 EliasN97
76%
3.540.000 Trymacs
76%
1.740.000 BastiGHG
69%
1.090.000 RevedTV
69%
864.000 LetsHugo
59%
1.660.000 GRONKH
58%
1.830.000 Rewinside
54%
939.000 HoneyPuu
52%
764.000 xFibii
52%
862.000 NiklasWilson
50%
982.000 SidneyEweka
49%
1.030.000 xRohat
49%
1.480.000 ungespielt
40%
1.090.000 HandofBlood
35%
814.000 Rumathra
35%
1.190.000 UnsympathischTV
35%
1.620.000 EloTRiX
34%
1.010.000 INSCOPE21TV
33%
1.370.000 MckyTV
33%
1.700.000 Amar
31%
2.330.000 TheRealKnossi
31%
855.000 Anni The Duck
28%
794.000 PietsMiet
26%
899.000 Rezonfn
20%
771.000 Tanzverbot
19%
906.000 Vadeal
15%
882.000 GTimeTV
11%
1.830.000 Letshe
8%
768.000 KamoRLF
1%
Keine übereinstimmenden Quizze gefunden
Verteilung der Resultate
Anzahl Personen mit jedem Resultat
Perzentil nach korrekt beantworteten Fragen
Ihre Resultats-Entwicklung
Sie haben dieses Quiz noch nicht gespielt